| 000 | 00994nam a22002537a 4500 | ||
|---|---|---|---|
| 999 |
_c63811 _d63811 |
||
| 005 | 20240530110700.0 | ||
| 008 | 171225s2015 ua a g b 000 0dara d | ||
| 017 |
_a2015/9521 _bمصر. دار الكتب |
||
| 020 | _a9789779102962 | ||
| 040 |
_aEG-CaGPL _cEG-CaGPL |
||
| 082 | 0 | 4 |
_221 _a371.81\ _bإ ع |
| 100 | 1 | _aاس ، جريجورى | |
| 245 | 1 | 0 |
_aعلموهم ان يتحدوا السلطة : _bالتعليم من اجل مجتمعات سليمة / _cتأليف جريجورى إس ، برنس الابن ؛ ترجمة طارق راشد عليان . |
| 250 | _aط.1 | ||
| 260 |
_aالقاهرة : _bالمركز القومى للترجمة ، _c2015 . |
||
| 300 |
_a310 ص. ؛ _c24 سم. |
||
| 490 |
_aالمركز القومى للترجمة ؛ _v2280 |
||
| 650 | 0 | 7 |
_2qrmak _aالتعليم |
| 650 | 0 | 7 |
_2qrmak _aالطلبة |
| 651 | _2qrmak | ||
| 700 | 0 |
_aطارق راشد عليان _eمترجم |
|
| 942 |
_2ddc _cBK |
||